The folowers of the evil (Record no. 26059)
[ view plain ]
| 000 -LEADER | |
|---|---|
| fixed length control field | 00949nam a22001937a 4500 |
| 005 - DATE AND TIME OF LATEST TRANSACTION | |
| control field | 20260415154800.0 |
| 008 - FIXED-LENGTH DATA ELEMENTS--GENERAL INFORMATION | |
| fixed length control field | 260415b |||||||| |||| 00| 0 eng d |
| 022 ## - INTERNATIONAL STANDARD SERIAL NUMBER | |
| International Standard Serial Number | (pbk) |
| 040 ## - CATALOGING SOURCE | |
| Transcribing agency | UE-CL |
| 082 ## - DEWEY DECIMAL CLASSIFICATION NUMBER | |
| Classification number | 841 |
| Item number | B324 |
| 100 ## - MAIN ENTRY--PERSONAL NAME | |
| Personal name | Baudelaire, Charles |
| 245 ## - TITLE STATEMENT | |
| Title | The folowers of the evil |
| Statement of responsibility, etc | / Charles Baudelaire |
| 260 ## - PUBLICATION, DISTRIBUTION, ETC. (IMPRINT) | |
| Place of publication, distribution, etc | New York: |
| Name of publisher, distributor, etc | New Directions Paperbook, |
| Date of publication, distribution, etc | 1955 |
| 300 ## - PHYSICAL DESCRIPTION | |
| Extent | 168 p. |
| 546 ## - LANGUAGE NOTE | |
| Language note | English |
| 650 ## - SUBJECT ADDED ENTRY--TOPICAL TERM | |
| Topical term or geographic name as entry element | Folowers--Evil |
| 942 ## - ADDED ENTRY ELEMENTS (KOHA) | |
| Koha item type | Books |
| 505 ## - FORMATTED CONTENTS NOTE | |
| Formatted contents note | Three Drafts of a Preface" by Charles Baudelaire<br/><br/>. To the Reader<br/><br/>. The Blessing<br/><br/>Beacons<br/><br/>A Former Life<br/><br/>Don Juan in Hell<br/><br/>The Punishment of Pride<br/><br/>Giantess<br/><br/>. Jewels<br/><br/>The Mask<br/><br/>Hymn to Beauty<br/><br/>The Dancing Serpent<br/><br/>De Profundis Clamavi<br/><br/>Lethe<br/><br/>Remorse of the Dead<br/><br/>The Balcony<br/><br/>Reversibility<br/><br/>The Confession<br/><br/>The Flask<br/><br/>The Cat<br/><br/>Invitation to the Voyage<br/><br/>Conversation<br/><br/>The Sadness of the Moon<br/><br/>The Owls<br/><br/>The Gladly Dead |
| Withdrawn status | Damaged status | Not for loan | Home library | Current library | Date acquired | Full call number | Barcode | Date last seen | Price effective from | Koha item type |
|---|---|---|---|---|---|---|---|---|---|---|
| Not For Loan | UE-Central Library | UE-Central Library | 15.04.2026 | 841 B324 | T5879D | 15.04.2026 | 15.04.2026 | Books |
